000 00512nam a22001457a 4500
020 _a978074608460-1
082 _a823
_bMOR/S
100 _aMELISSA. J . MORGAN
245 _aSUMMER CAMP SECRETS
_bBLOGGING BUDDIES
260 _aUNITED KINGDOM
_bUSBORNE PUBLISHING
_c2007
300 _a179
520 _aThe Camp Lakeview girls are excited to be back to school for a new year, but they've each got their own problems to deal with.
650 _aFUN, FRIENDSHIP, SECRETS, BOYS...SUMMER CAMP HAS IT ALL
942 _cBK
999 _c464
_d464